| 000 | 00863nam a2200253Ia 4500 | ||
|---|---|---|---|
| 003 | OSt | ||
| 005 | 20221005112143.0 | ||
| 006 | a|||||r|||| 00| 0 | ||
| 007 | ta | ||
| 008 | 221004b |||||||| |||| 00| 0 pan d | ||
| 020 |
_a9789350176740 (hbk) _c300 |
||
| 024 | _a3885 | ||
| 037 |
_b743, 12/03/2013, Bright Book Service _cTextual |
||
| 040 |
_aCRL _cCRL _bpan |
||
| 041 |
_2pan _apan |
||
| 082 | _aV46, 153Q1 | ||
| 100 |
_aਮੀਆਂ ਰੋFਨ ਉ ਦੀਨ _9624289 |
||
| 245 | 0 | _aਕੰਬੋਜ ਇਤਿਹਾਸ | |
| 260 |
_aਅੰਮ੍ਰਿਤਸਰ _bਕੰਬੋਜ ਸਭਾ ਭਾਰਤ _c2011 |
||
| 300 |
_a408ਪੰ _ccm. |
||
| 650 | _aਭਾਰਤੀਯ ਇਤਿਹਾਸ | ||
| 942 |
_hV46, 153Q1 _cTEXL _2cc |
||
| 999 |
_c1023994 _d1023994 |
||